[Event "Kvika Reykjavik Open 2022"]
[Site "Reykjavik ISL"]
[Date "2022.04.06"]
[Round "1.77"]
[White "Schmidt, Kai-Uwe"]
[Black "Sandin, Albin"]
[Result "1-0"]
[WhiteElo "1904"]
[BlackElo "1513"]
[WhiteFideId "4608755"]
[BlackFideId "1731092"]
[EventDate "2022.04.06"]

1. Nf3 Nf6 2. d4 e6 3. Bg5 d5 4. Nbd2 c5 5. e3 Nc6 6. c3 cxd4 7. exd4 Be7 8. Bd3
O-O 9. Ne5 a6 10. O-O Nd7 11. Bxe7 Qxe7 12. f4 f5 13. Nxd7 Bxd7 14. a4 Nd8 15.
Qe2 Qd6 16. g3 Nf7 17. Nf3 Qc7 18. Rfe1 Nd6 19. Ne5 Ne4 20. c4 Bc6 21. c5 Qa5
22. Red1 Qb4 23. Bxe4 dxe4 24. Qd2 Qxd2 25. Rxd2 Bd5 26. b4 Rfc8 27. Nd7 Rd8 28.
Nb6 Rab8 29. Kf2 Kf7 30. Ke3 h6 31. h4 g6 32. Rc2 Bc6 33. Nc4 Kf6 34. Rb2 Bd5
35. Ne5 Rbc8 36. Rbb1 Rg8 37. Rh1 Rg7 38. b5 a5 39. g4 h5 40. gxh5 gxh5 41. Rhg1
Rcg8 42. Rg5 Rxg5 43. hxg5+ Kg7 44. Rb1 Rc8 45. Nd7 Kf7 46. c6 bxc6 47. b6 c5
48. Nxc5 Rb8 49. Nd7 Rb7 50. Ne5+ Kg8 51. g6 Rb8 52. Kf2 h4 53. Kg2 e3+ 54. Kh3
e2 55. Re1 Rxb6 56. Rxe2 Rb4 57. Rc2 Rxd4 58. Rc8+ Kg7 59. Kxh4 Rxf4+ 60. Kg5
Bc6 61. Kxf4 1-0

[Event "Kvika Reykjavik Open 2022"]
[Site "Reykjavik ISL"]
[Date "2022.04.06"]
[Round "1.78"]
[White "Stefansson, Benedikt"]
[Black "Haraldsson, Haraldur"]
[Result "1/2-1/2"]
[WhiteElo "1493"]
[BlackElo "1903"]
[WhiteFideId "2312379"]
[BlackFideId "2311100"]
[EventDate "2022.04.06"]

1. e4 d5 2. exd5 Nf6 3. Nf3 Nxd5 4. d4 Bg4 5. c4 Nb6 6. Be3 e6 7. Nc3 Bb4 8. Be2
O-O 9. O-O Nc6 10. c5 Bxc3 11. bxc3 Nd5 12. Qb3 b6 13. cxb6 axb6 14. c4 Na5 15.
Qc2 Nxe3 16. fxe3 Qe7 17. Bd3 Bf5 18. Bxf5 exf5 19. Rfe1 Qe4 20. Qc3 Rfe8 21. c5
h6 22. cxb6 cxb6 23. Nd2 Qd5 24. Qd3 Rad8 25. Rab1 f4 26. Rxb6 fxe3 27. Rxe3
Rxe3 28. Qxe3 Qxd4 29. Qxd4 Rxd4 30. Nb3 Nxb3 1/2-1/2

[Event "Kvika Reykjavik Open 2022"]
[Site "Reykjavik ISL"]
[Date "2022.04.06"]
[Round "1.79"]
[White "Arnalds, Stefan"]
[Black "Gasanova, Ulker"]
[Result "1-0"]
[WhiteElo "1900"]
[BlackElo "1479"]
[WhiteFideId "2304821"]
[BlackFideId "2302055"]
[EventDate "2022.04.06"]

1. d4 d5 2. c4 e5 3. dxe5 d4 4. Nf3 Bb4+ 5. Bd2 Nc6 6. Bxb4 Nxb4 7. Qa4+ Nc6 8.
Na3 Bd7 9. Rd1 Nxe5 10. Qb4 Nxf3+ 11. gxf3 Bc6 12. Qc5 Qf6 13. Qxd4 Qg5 14. Qe3+
Qxe3 15. fxe3 a6 16. Kf2 Ne7 17. Bh3 f5 18. Nc2 O-O 19. Nd4 Bd7 20. e4 Rad8 21.
exf5 Bxf5 22. Nxf5 Nxf5 23. Rxd8 Rxd8 24. Bxf5 Rd2 25. Rb1 Rd6 26. Bd3 g6 27. b4
Kg7 28. a4 Rd4 29. b5 axb5 30. Rxb5 b6 31. Rd5 Rh4 32. Rd7+ Kh6 33. Kg3 Rh5 34.
Rd5 g5 35. Rd7 1-0

[Event "Kvika Reykjavik Open 2022"]
[Site "Reykjavik ISL"]
[Date "2022.04.06"]
[Round "1.80"]
[White "Kewalramani, Abhir"]
[Black "Kolka, Dawid"]
[Result "0-1"]
[WhiteElo "1474"]
[BlackElo "1897"]
[WhiteFideId "366196828"]
[BlackFideId "2308010"]
[EventDate "2022.04.06"]

1. d4 d5 2. c4 c6 3. Nc3 Nf6 4. Nf3 e6 5. Bg5 Nbd7 6. cxd5 exd5 7. e3 h6 8. Bh4
g5 9. Bg3 Nh5 10. Bd3 Nxg3 11. hxg3 Bg7 12. Qc2 Nb6 13. O-O-O Be6 14. Nd2 Qe7
15. Nb3 O-O-O 16. Nc5 Kb8 17. Kb1 Bc8 18. Rc1 Rhf8 19. Qb3 f5 20. a4 f4 21. a5
Nc4 22. Bxc4 dxc4 23. Qa3 Qc7 24. Qb4 Ka8 25. N3a4 a6 26. Rxc4 fxe3 27. fxe3 Rf2
28. Rhc1 Bf8 29. Qc3 Bxc5 30. Nxc5 Rxg2 31. Nxa6 Qh7+ 32. Ka1 bxa6 33. Rxc6 Bb7
34. Rc7 Qe4 35. Qb4 Rb8 36. Qd6 Qd5 37. Qb6 Rh2 38. b4 Qa2# 0-1

[Event "Kvika Reykjavik Open 2022"]
[Site "Reykjavik ISL"]
[Date "2022.04.06"]
[Round "1.81"]
[White "Baecker, Niko"]
[Black "Smith, Chris P"]
[Result "1-0"]
[WhiteElo "1885"]
[BlackElo "1454"]
[WhiteFideId "1669141"]
[BlackFideId "424617"]
[EventDate "2022.04.06"]

1. d4 Nf6 2. c4 e6 3. Nc3 Bb4 4. e3 O-O 5. Bd3 d6 6. Ne2 b6 7. a3 Bxc3+ 8. Nxc3
Bb7 9. e4 h6 10. O-O Nbd7 11. f4 c5 12. d5 exd5 13. cxd5 Re8 14. Qf3 Rb8 15. Kh1
Qc8 16. Nb5 c4 17. Nxd6 Qc5 18. Nxe8 cxd3 19. Nxf6+ Nxf6 20. Qxd3 Ng4 21. Qf3
Ba6 22. Bd2 Bxf1 23. Rxf1 Qb5 24. Bc3 Rd8 25. Rd1 Qd7 26. e5 Qb5 27. Qxg4 Rxd5
28. h3 Rxd1+ 29. Qxd1 Qc4 30. Qg4 h5 31. Qg3 g6 32. Qg5 Qf1+ 33. Kh2 Qc4 34. e6
Qc8 35. Qf6 1-0

[Event "Kvika Reykjavik Open 2022"]
[Site "Reykjavik ISL"]
[Date "2022.04.06"]
[Round "1.82"]
[White "Marzik, Arne"]
[Black "Zheng, Harry Z"]
[Result "0-1"]
[WhiteElo "1446"]
[BlackElo "1873"]
[WhiteFideId "16254678"]
[BlackFideId "460982"]
[EventDate "2022.04.06"]

1. d4 Nf6 2. Nf3 e6 3. c4 b6 4. g3 Ba6 5. Qc2 Bb7 6. Bg2 c5 7. dxc5 Bxc5 8. O-O
O-O 9. Bf4 d5 10. Ne5 Nbd7 11. Nd2 Nh5 12. Nxd7 Qxd7 13. Be5 f6 14. b4 Bxb4 15.
Bb2 Rac8 16. Rfd1 b5 17. Qb3 Bxd2 18. Rxd2 bxc4 19. Qe3 f5 20. Rd4 Nf6 21. Rh4
a5 22. Rb1 Bc6 23. Rd1 Ba4 24. Rdd4 Rb8 25. Rd2 Qf7 26. Bf3 h6 27. Bc3 Rb1+ 28.
Kg2 Re8 29. Be5 Qf8 30. Bh5 Nxh5 31. Rxh5 Bc6 32. Rd4 Rd1 33. Rxh6 Rxd4 34. Bxd4
gxh6 35. Qe5 Kh7 36. Qc7+ Qe7 37. Qxc6 e5 38. Bc5 Qf7 39. e3 f4 40. exf4 exf4
41. Bd4 f3+ 42. Kf1 Qe7 43. Be3 Qg7 44. Ke1 Rb8 45. Kd1 Rb1+ 46. Bc1 Qd4+ 47.
Kc2 Qd3# 0-1

[Event "Kvika Reykjavik Open 2022"]
[Site "Reykjavik ISL"]
[Date "2022.04.06"]
[Round "1.83"]
[White "Hughes, Anthony"]
[Black "Bryant, Harry"]
[Result "1-0"]
[WhiteTitle "CM"]
[WhiteElo "1869"]
[BlackElo "1425"]
[WhiteFideId "1803093"]
[BlackFideId "489158"]
[EventDate "2022.04.06"]

1. c4 Nf6 2. Nc3 g6 3. g3 Bg7 4. Bg2 O-O 5. e4 d6 6. Nge2 e5 7. O-O Nc6 8. d3
Nh5 9. Be3 f5 10. exf5 gxf5 11. f4 Qe8 12. Nd5 Qd8 13. Qd2 Ne7 14. Rae1 c6 15.
Ndc3 Be6 16. b4 Rb8 17. Bxa7 Ra8 18. Be3 exf4 19. Nxf4 Nxf4 20. Bxf4 Bf7 21. Kh1
Ng6 22. Bh6 Qf6 23. Ne4 Qb2 24. Qxb2 Bxb2 25. Bxf8 fxe4 26. Re2 Rxa2 27. Bxe4
Kxf8 28. Bxg6 hxg6 29. Ref2 Kg8 30. Rxf7 b5 31. R7f2 Ra1 32. Rxa1 Bxa1 33. cxb5
cxb5 34. Kg2 Bc3 35. Rf4 Kg7 36. Kf3 g5 37. Rf5 Bxb4 38. Rxg5+ Kh6 39. Rxb5 Bc5
40. Rxc5 dxc5 41. Ke4 1-0

[Event "Kvika Reykjavik Open 2022"]
[Site "Reykjavik ISL"]
[Date "2022.04.06"]
[Round "1.84"]
[White "Gudnyjarson, Sigurdur Pall"]
[Black "Mitra, Akash"]
[Result "0-1"]
[WhiteElo "1420"]
[BlackElo "1866"]
[WhiteFideId "2321637"]
[BlackFideId "1726714"]
[EventDate "2022.04.06"]

1. d4 Nf6 2. c4 e6 3. Nc3 Bb4 4. Qc2 d5 5. Nf3 O-O 6. Bg5 h6 7. Bh4 g5 8. Bg3
dxc4 9. e3 b5 10. a4 c6 11. h4 g4 12. Ne5 Bb7 13. h5 Nbd7 14. Bh4 Qa5 15. Nxd7
Nxd7 16. f3 c5 17. fxg4 cxd4 18. exd4 e5 19. dxe5 Nxe5 20. g5 Be4 21. Qc1 Rfe8
22. Kf2 Qb6+ 23. Kg3 Bd6 24. Kh3 Bf5+ 25. g4 Bxg4+ 26. Kg2 Bf3+ 27. Kh3 Bg4+ 28.
Kg2 Qc6+ 29. Kg1 Nf3+ 30. Kf2 Nxh4 31. Ne2 Rxe2+ 32. Bxe2 Qg2+ 33. Ke3 Qxe2+ 0-1

[Event "Kvika Reykjavik Open 2022"]
[Site "Reykjavik ISL"]
[Date "2022.04.06"]
[Round "1.85"]
[White "Sarkisian, Arman"]
[Black "Hreinsson, Johann Helgi"]
[Result "1-0"]
[WhiteElo "1862"]
[BlackElo "1406"]
[WhiteFideId "261858"]
[BlackFideId "2317540"]
[EventDate "2022.04.06"]

1. d4 Nf6 2. Bf4 e6 3. e3 d5 4. Nf3 c5 5. dxc5 Bxc5 6. Nc3 Nc6 7. Bd3 Bd6 8. Bg5
h6 9. Bh4 O-O 10. O-O Be7 11. Qe2 d4 12. exd4 Nxd4 13. Nxd4 Qxd4 14. Bg3 b6 15.
Be5 Qd8 16. Bxf6 Bxf6 17. Qe4 Re8 18. Qxa8 Bxc3 19. bxc3 Qc7 20. c4 Bd7 21. Qe4
g6 22. Rfe1 Qc5 23. Re3 Bc6 24. Qe5 Qe7 25. Rae1 Rc8 26. Rf3 Kh7 27. Rh3 Qb7 28.
Qh5 Kg7 29. Qxh6+ Kf6 30. Rg3 Qa6 31. Bxg6 Qa5 32. Bxf7+ Ke7 33. Qxe6+ Kd8 34.
Qe7# 1-0

[Event "Kvika Reykjavik Open 2022"]
[Site "Reykjavik ISL"]
[Date "2022.04.06"]
[Round "1.86"]
[White "Thorsteinsson, Thorsteinn Jakob F"]
[Black "Larkin, Benjamin"]
[Result "1/2-1/2"]
[WhiteElo "1394"]
[BlackElo "1857"]
[WhiteFideId "2317940"]
[BlackFideId "479977"]
[EventDate "2022.04.06"]

1. e4 c6 2. d4 d5 3. Nc3 dxe4 4. Nxe4 Nf6 5. Nxf6+ exf6 6. Bc4 Bd6 7. Qe2+ Qe7
8. Qxe7+ Kxe7 9. Be3 Be6 10. Bxe6 fxe6 11. O-O-O Nd7 12. f4 Nb6 13. g3 Rac8 14.
Nf3 Kf7 15. Rhe1 h5 16. Bg1 h4 17. Nxh4 Bxf4+ 18. Kb1 Bd6 19. Nf3 c5 20. Re2
Rhd8 21. Rf1 Kg6 22. Rfe1 Kf7 23. Rf1 Ke7 24. Rfe1 Kd7 25. Rd1 c4 26. c3 Nd5 27.
Nd2 b5 28. Ne4 a5 29. Nxd6 Kxd6 30. h4 b4 31. Kc2 Rb8 32. Bh2 Kd7 33. g4 Rb5 34.
Rde1 Rb6 35. g5 f5 36. Be5 g6 37. h5 gxh5 38. Rh2 Rg8 39. Rxh5 Rb7 40. Rh7+ Kc6
41. Rxb7 Kxb7 42. Bf6 Re8 43. Rh1 Nxf6 44. gxf6 Rf8 45. Rh6 Kc6 46. Kd2 Kd5 47.
Ke3 bxc3 48. bxc3 e5 49. dxe5 Kxe5 50. f7 Rxf7 51. Ra6 Re7 52. Rxa5+ Kf6+ 53.
Kf3 Kg5 54. Ra8 Rh7 55. Rg8+ Kf6 56. Rg2 Rh3+ 57. Rg3 Rh2 58. Rg2 Rh3+ 59. Rg3
Rh1 60. Rg8 Rc1 61. Rf8+ Ke6 62. Re8+ Kf7 63. Re3 Kf6 64. Kf4 Rf1+ 65. Rf3 Ra1
66. Rf2 Rc1 67. Rh2 Rxc3 68. Rh6+ Kg7 69. Ra6 Rd3 70. Kxf5 Rd5+ 71. Ke4 Rc5 72.
Rd6 c3 73. Rd1 Ra5 74. Rc1 Rxa2 75. Rxc3 Ra4+ 1/2-1/2

[Event "Kvika Reykjavik Open 2022"]
[Site "Reykjavik ISL"]
[Date "2022.04.06"]
[Round "1.87"]
[White "Bohlin, Jan"]
[Black "Banerjee, Aryan"]
[Result "1-0"]
[WhiteElo "1849"]
[BlackElo "1374"]
[WhiteFideId "1758616"]
[BlackFideId "1765035"]
[EventDate "2022.04.06"]

1. c4 Nf6 2. Nc3 e6 3. e4 d6 4. Nf3 c5 5. d4 Be7 6. Be2 O-O 7. O-O Nc6 8. d5 Nb8
9. dxe6 fxe6 10. e5 dxe5 11. Qxd8 Rxd8 12. Nxe5 Nbd7 13. Nxd7 Bxd7 14. Bf3 Rab8
15. Bf4 Be8 16. Bxb8 Rxb8 17. Rad1 Bf7 18. Rfe1 b6 19. b3 Rd8 20. Rxd8+ Bxd8 21.
Ne4 e5 22. Rd1 Be7 23. Nxf6+ Bxf6 24. Bd5 Bxd5 25. Rxd5 e4 26. Rd7 e3 27. fxe3
Bg5 28. Kf2 Kf8 29. Rxa7 Bd8 30. Kf3 Be7 31. Rb7 Bd8 32. Ke4 h5 33. Kd5 g5 34.
Rb8 Ke8 35. Ke6 h4 36. h3 b5 37. cxb5 g4 38. hxg4 h3 39. gxh3 c4 40. bxc4 Kf8
41. Rxd8+ 1-0

[Event "Kvika Reykjavik Open 2022"]
[Site "Reykjavik ISL"]
[Date "2022.04.06"]
[Round "1.88"]
[White "Briem, Gudrun Fanney"]
[Black "Finnbogadottir, Tinna Kristin"]
[Result "0-1"]
[WhiteElo "1364"]
[BlackElo "1848"]
[WhiteFideId "2317486"]
[BlackFideId "2300214"]
[EventDate "2022.04.06"]

1. d4 d5 2. Bf4 Nf6 3. Nf3 e6 4. e3 Be7 5. Bd3 Nbd7 6. Nbd2 c5 7. c3 a6 8. Bg3
b5 9. Ne5 Bb7 10. f4 h5 11. h3 Ne4 12. Bxe4 dxe4 13. Nxd7 Qxd7 14. Qe2 g6 15. h4
f5 16. Kf2 cxd4 17. cxd4 Rc8 18. Rac1 Kf7 19. Rhd1 Rxc1 20. Rxc1 Rc8 21. Qd1 Bd5
22. b3 Rc7 23. Nb1 Qc8 24. Rxc7 Qxc7 25. Qd2 a5 26. Qc3 Qd8 27. Nd2 Bb7 28. Nf1
Bd5 29. Kg1 b4 30. Qc1 a4 31. Nd2 axb3 32. axb3 Qa5 33. Qb1 Qc7 34. Be1 Qc8 35.
g3 Qa6 36. Kf2 Qb5 37. Qc2 Bf8 38. Qc7+ Kg8 39. Qc2 Qa6 40. Qb1 Qc6 41. Kg1 Qa6
42. Kf2 Qc6 43. Kg1 Qb5 44. Kf2 Kh7 45. Qc2 Qb6 46. Kg1 Qa6 47. Kf2 Qa1 48. Nb1
Kg8 49. Kg1 Bb7 50. Kf2 Ba6 51. Nd2 Bd3 52. Qc6 Kf7 53. d5 exd5 54. Qxd5+ Kg7
55. Qd4+ Qxd4 56. exd4 Bc2 57. Ke2 Kf7 58. d5 Bc5 59. Bf2 Bd3+ 60. Kd1 e3 61.
Be1 exd2 62. Kxd2 Bb5 63. Kc2 Ke7 0-1

[Event "Kvika Reykjavik Open 2022"]
[Site "Reykjavik ISL"]
[Date "2022.04.06"]
[Round "1.89"]
[White "Jonsson, Olafur Gisli"]
[Black "Omarsson, Josef"]
[Result "1-0"]
[WhiteElo "1847"]
[BlackElo "1352"]
[WhiteFideId "2302705"]
[BlackFideId "2316102"]
[EventDate "2022.04.06"]

1. d4 Nf6 2. c4 g6 3. Nc3 Bg7 4. Nf3 O-O 5. Bg5 c5 6. d5 e6 7. e4 d6 8. Bd3 h6
9. Bh4 exd5 10. cxd5 Bg4 11. h3 Bxf3 12. Qxf3 Nbd7 13. O-O Ne5 14. Qe2 Qc7 15.
Rad1 Nh5 16. Bb1 Nf4 17. Qd2 Nxh3+ 18. Kh1 g5 19. Bg3 Nf4 20. Bxf4 gxf4 21. Qxf4
Qe7 22. Qg3 Nc4 23. b3 Ne5 24. f4 Nd7 25. Ne2 Nf6 26. e5 Nd7 27. Qd3 f5 28. exf6
Qxf6 29. Rde1 Rae8 30. Kg1 Nb6 31. Rf3 Qh4 32. Rg3 Qf6 33. Qh7+ Kf7 34. Bg6+ Ke7
35. Bxe8 Kxe8 36. Nd4+ Kd8 37. Ne6+ Kc8 38. Rxg7 Nxd5 39. Rc7+ Kb8 40. Rxb7+ 1-0

[Event "Kvika Reykjavik Open 2022"]
[Site "Reykjavik ISL"]
[Date "2022.04.06"]
[Round "1.90"]
[White "Moller, Tomas"]
[Black "Shuey, Michael"]
[Result "1-0"]
[WhiteElo "1340"]
[BlackElo "1838"]
[WhiteFideId "2315343"]
[BlackFideId "30957176"]
[EventDate "2022.04.06"]

1. c4 Nf6 2. Nc3 c5 3. e4 Nc6 4. g3 g6 5. Bg2 Bg7 6. Nge2 O-O 7. O-O d6 8. h3
Be6 9. d3 Ne8 10. Be3 Qc8 11. Kh2 Nc7 12. Qd2 a6 13. Rac1 Rb8 14. Nd5 b5 15. b3
bxc4 16. dxc4 Re8 17. f4 Bd7 18. Rcd1 Nb4 19. Nxb4 cxb4 20. Nd4 Ne6 21. Nxe6
Bxe6 22. Bd4 Bxd4 23. Qxd4 Qc5 24. Qxc5 dxc5 25. f5 gxf5 26. exf5 Bc8 27. Rd5
Bb7 28. Rxc5 Bxg2 29. Kxg2 Rb6 30. Re5 Rb7 31. Rfe1 Ra7 32. Kf3 f6 33. Re6 Kf7
34. Rd1 a5 35. Rd5 a4 36. Rb5 axb3 37. axb3 Rd8 38. Rxb4 Rd1 39. Re3 Rf1+ 40.
Kg4 h5+ 41. Kxh5 Rxf5+ 42. Kg4 Kg6 43. h4 Rf1 44. Rb6 Rd7 45. Rbe6 Kf7 46. Re2
Rb1 47. Rb6 Rf1 48. c5 f5+ 49. Kh3 f4 50. gxf4 Rxf4 51. Kg3 Rdd4 52. Rbe6 Rg4+
53. Kf2 Rxh4 54. Rxe7+ Kf8 55. R2e3 Rdf4+ 56. Ke2 Rh2+ 57. Kd3 Rb4 58. Kc3 Rb8
59. R7e4 Rf2 60. Kc4 Rf5 61. b4 Rf6 62. Rd3 Rf5 63. Rdd4 1-0

[Event "Kvika Reykjavik Open 2022"]
[Site "Reykjavik ISL"]
[Date "2022.04.06"]
[Round "1.91"]
[White "Hermes, Geoff R"]
[Black "Hoskuldsson, Sigurdur Heidar"]
[Result "1-0"]
[WhiteElo "1837"]
[BlackElo "1321"]
[WhiteFideId "423254"]
[BlackFideId "2319675"]
[EventDate "2022.04.06"]

1. c4 g6 2. g3 Bg7 3. Bg2 d6 4. Nc3 e6 5. e4 Nd7 6. Nge2 a6 7. O-O Rb8 8. a4 b6
9. d4 e5 10. f4 Bb7 11. Be3 h6 12. Qd2 Ngf6 13. h3 c5 14. fxe5 dxe5 15. d5 Nf8
16. a5 Qd6 17. Na4 N8d7 18. axb6 Rc8 19. b4 g5 20. bxc5 Nxc5 21. Nxc5 Rxc5 22.
Bxc5 Qxc5+ 23. Kh2 O-O 24. Rab1 Rd8 25. Qb4 Qe3 26. Nc3 Bf8 27. Qb2 Nh5 28. Rf3
Qc5 29. Qf2 Qxf2 30. Rxf2 Rc8 31. Bf1 Bc5 32. Rc2 Nf6 33. Bd3 h5 34. Na4 Nd7 35.
Be2 Nf6 36. Rf1 Nxe4 37. Nxc5 Rxc5 38. Bd3 Nd6 39. Re2 e4 40. Bxe4 Rxc4 41. Bg2
Kg7 42. Rff2 a5 43. Rc2 Rd4 44. Rc6 Bxc6 45. dxc6 Rb4 46. b7 Nxb7 47. cxb7 a4
48. Ra2 1-0

[Event "Kvika Reykjavik Open 2022"]
[Site "Reykjavik ISL"]
[Date "2022.04.06"]
[Round "1.92"]
[White "Hafdisarson, Ingi Thor"]
[Black "Thomas, Kenneth"]
[Result "1/2-1/2"]
[WhiteElo "1314"]
[BlackElo "1834"]
[WhiteFideId "2306956"]
[BlackFideId "2022761"]
[EventDate "2022.04.06"]

1. d4 Nf6 2. Bf4 d5 3. e3 e6 4. Nd2 Bd6 5. Bg3 b6 6. Ngf3 O-O 7. Bd3 Bb7 8. Ne5
Ne4 9. O-O c5 10. c3 Nxd2 11. Qxd2 Ba6 12. Nc6 Qc7 13. Bxd6 Qxd6 14. Nxb8 Bxd3
15. Qxd3 Raxb8 16. Rfe1 c4 17. Qc2 b5 18. e4 dxe4 19. Rxe4 g6 1/2-1/2

[Event "Kvika Reykjavik Open 2022"]
[Site "Reykjavik ISL"]
[Date "2022.04.06"]
[Round "1.93"]
[White "Herrera, Diego"]
[Black "Palsson, Oli"]
[Result "1/2-1/2"]
[WhiteElo "1832"]
[BlackElo "1295"]
[WhiteFideId "6601170"]
[BlackFideId "2320142"]
[EventDate "2022.04.06"]

1. e4 e5 2. Bc4 Nc6 3. Nf3 Nf6 4. d4 exd4 5. e5 Ne4 6. Qe2 Nc5 7. O-O Be7 8. Rd1
Ne6 9. b3 O-O 10. Bb2 Bc5 11. Nbd2 a6 12. Ne4 Ba7 13. Ng3 d5 14. exd6 Qxd6 15.
Qe4 Bd7 16. Nf5 Qf4 17. Qxf4 Nxf4 18. N3xd4 Nxd4 19. Ne7+ Kh8 20. Bxd4 Bb5 21.
Bxb5 axb5 22. Bxa7 Rxa7 23. Rd7 Ne6 24. Nd5 c5 25. c3 h6 26. f4 Rd8 27. Rxd8+
Nxd8 28. Re1 Nc6 29. Re2 Ra8 30. Nc7 Ra5 31. Ne8 b4 32. c4 b5 33. cxb5 Nd4 34.
Re5 Rxb5 35. Nd6 Ra5 36. Nxf7+ Kh7 37. Nd6 Rxa2 38. Rxc5 Ne2+ 39. Kf1 Nxf4 40.
g3 Nh3 41. Rb5 Rxh2 42. Ne4 Rb2 43. Rxb4 Ng5 44. Nxg5+ hxg5 45. Rb8 Kg6 46. b4
Kf5 47. b5 Kg4 48. b6 Kxg3 49. b7 g4 50. Ke1 g5 51. Kf1 Rb5 52. Ke2 Kg2 53. Ke3
g3 54. Ke2 Kg1 55. Kf3 g2 56. Kg3 Rb3+ 57. Kg4 Rb5 1/2-1/2

[Event "Kvika Reykjavik Open 2022"]
[Site "Reykjavik ISL"]
[Date "2022.04.06"]
[Round "1.94"]
[White "Thorisson, Bjartur"]
[Black "Anand, Vignesh"]
[Result "0-1"]
[WhiteElo "1292"]
[BlackElo "1829"]
[WhiteFideId "2314916"]
[BlackFideId "30916348"]
[EventDate "2022.04.06"]

1. e4 c5 2. Nf3 d6 3. d4 cxd4 4. Nxd4 Nf6 5. Nc3 a6 6. Be3 Ng4 7. Bc1 Nf6 8. Be3
e5 9. Nb3 Be6 10. Nd5 Bxd5 11. exd5 Nbd7 12. Be2 Rc8 13. O-O g6 14. Qd2 Bg7 15.
Na5 Qc7 16. Qb4 Nxd5 17. Qc4 Nxe3 18. fxe3 Nf6 19. Rad1 d5 20. Rxd5 Nxd5 21.
Qxd5 O-O 22. Nxb7 Qb6 23. Nd6 Qxe3+ 24. Rf2 Rc5 25. Qb7 Rxc2 26. Qxa6 e4 27. Nc4
Rxc4 28. Bxc4 Bd4 29. Bxf7+ Rxf7 30. Qc8+ Kg7 0-1

[Event "Kvika Reykjavik Open 2022"]
[Site "Reykjavik ISL"]
[Date "2022.04.06"]
[Round "1.95"]
[White "Jonsson, Kristjan Dagur"]
[Black "Johannsson, Markus Orri"]
[Result "1-0"]
[WhiteElo "1828"]
[BlackElo "1288"]
[WhiteFideId "2313413"]
[BlackFideId "2318539"]
[EventDate "2022.04.06"]

1. d4 Nf6 2. c4 e6 3. g3 d5 4. Nf3 c5 5. Bg2 Nc6 6. O-O Be7 7. Nc3 dxc4 8. Qa4
O-O 9. Qxc4 cxd4 10. Rd1 e5 11. e3 Qb6 12. exd4 Nxd4 13. Nxe5 Rd8 14. Be3 Be6
15. Bxd4 Qxb2 16. Qb5 Qa3 17. Ne4 Nxe4 18. Bxe4 a6 19. Qe2 Rac8 20. Qh5 h6 21.
Bf5 Bxf5 22. Qxf7+ Kh7 23. Qxf5+ Kg8 24. Qf7+ Kh7 25. Qg6+ Kg8 26. Nd7 Bf8 27.
Nf6+ Kh8 28. Qh7# 1-0

[Event "Kvika Reykjavik Open 2022"]
[Site "Reykjavik ISL"]
[Date "2022.04.06"]
[Round "1.96"]
[White "Sundberg, William"]
[Black "Gregersen, Einar"]
[Result "0-1"]
[WhiteElo "1279"]
[BlackElo "1822"]
[WhiteFideId "1742043"]
[BlackFideId "7200153"]
[EventDate "2022.04.06"]

1. d4 g6 2. Nf3 Bg7 3. e3 d6 4. Be2 Nf6 5. Bd2 O-O 6. O-O Nc6 7. Nc3 e5 8. dxe5
dxe5 9. e4 Bg4 10. h3 Bxf3 11. Bxf3 Nd4 12. Be3 c5 13. Bxd4 cxd4 14. Nd5 Nxd5
15. exd5 f5 16. c4 e4 17. Be2 d3 18. Rb1 dxe2 19. Qxe2 Qd6 20. Rfd1 a5 21. Rbc1
b6 22. b3 Rae8 23. Qc2 Bh6 24. c5 Qxc5 25. Qxc5 bxc5 26. Rxc5 e3 27. Rc2 e2 28.
Re1 Rd8 29. Rcxe2 Rxd5 30. Rc2 Rfd8 31. Re7 Rd2 32. Rcc7 Rd1+ 33. Kh2 Bf4+ 0-1

[Event "Kvika Reykjavik Open 2022"]
[Site "Reykjavik ISL"]
[Date "2022.04.06"]
[Round "1.97"]
[White "Rachlin, Paul"]
[Black "Eythorsson, Engilbert Vidar"]
[Result "1-0"]
[WhiteElo "1820"]
[BlackElo "1253"]
[WhiteFideId "2053764"]
[BlackFideId "2321769"]
[EventDate "2022.04.06"]

1. d4 Nf6 2. c4 e6 3. Nf3 d5 4. Nc3 Bb4 5. Qc2 dxc4 6. e3 b5 7. Bd2 c6 8. a4 a6
9. axb5 cxb5 10. Nxb5 Bxd2+ 11. Nxd2 Bb7 12. Nc3 Qc7 13. Qa4+ Nc6 14. Bxc4 O-O
15. O-O a5 16. Rfc1 Ng4 17. Nf3 Nb4 18. Be2 Bxf3 19. Bxf3 Qxh2+ 20. Kf1 Qh4 21.
Bxg4 Qxg4 22. Qb5 Qh4 23. Kg1 Qd8 24. Ne4 Qd5 25. Qxd5 exd5 26. Nc5 Rfb8 27. Rc3
Nc6 28. Nd7 Rd8 29. Nb6 Ra6 30. Rxc6 Kf8 31. Nd7+ Rxd7 32. Rxa6 Rb7 33. R1xa5
Rxb2 34. Ra7 Rb1+ 35. Kh2 g5 36. Rxd5 g4 37. Rd8+ Kg7 38. Rdd7 h5 39. Rxf7+ Kg6
40. Rfb7 Rf1 41. Rb6+ Kg5 42. Ra5+ Kh4 43. g3# 1-0

[Event "Kvika Reykjavik Open 2022"]
[Site "Reykjavik ISL"]
[Date "2022.04.06"]
[Round "1.98"]
[White "Saemundarson, Saethor Ingi"]
[Black "Sigurthorsson, Kristinn J"]
[Result "0-1"]
[WhiteElo "1212"]
[BlackElo "1818"]
[WhiteFideId "2319845"]
[BlackFideId "2311585"]
[EventDate "2022.04.06"]

1. e4 c6 2. d4 d6 3. Nc3 g6 4. Nf3 Bg7 5. Bc4 Nf6 6. O-O O-O 7. Re1 d5 8. exd5
cxd5 9. Bd3 Nc6 10. Ne2 Bg4 11. c3 Bxf3 12. gxf3 e5 13. Qb3 Qd7 14. Bg5 e4 15.
Bxf6 Bxf6 16. fxe4 Qg4+ 17. Ng3 h5 18. Qxb7 Nxd4 19. cxd4 Bxd4 20. exd5 Rab8 21.
Qe7 Rxb2 22. Be2 Qf4 23. Qe4 Bxf2+ 24. Kg2 Bxg3 25. Qxf4 Bxf4 26. Rad1 Bd6 27.
a4 Re8 28. Kf3 Rb3+ 29. Kf2 Bc5+ 30. Kg2 Rbe3 31. Kf1 Bd6 32. Bb5 Rxe1+ 33. Rxe1
Rxe1+ 0-1

[Event "Kvika Reykjavik Open 2022"]
[Site "Reykjavik ISL"]
[Date "2022.04.06"]
[Round "1.99"]
[White "Skahlberg Bjerknes-Lima de Faria, Warg"]
[Black "Brynjarsson, Orvar Holm"]
[Result "1-0"]
[WhiteElo "1813"]
[BlackElo "1211"]
[WhiteFideId "1738100"]
[BlackFideId "2321726"]
[EventDate "2022.04.06"]

1. c4 e6 2. Nf3 Nf6 3. g3 d5 4. Bg2 c5 5. cxd5 exd5 6. d4 Nc6 7. O-O Be6 8. Nc3
a6 9. Bg5 b5 10. dxc5 Bxc5 11. Bxf6 gxf6 12. e4 d4 13. Nd5 f5 14. Nf4 fxe4 15.
Nxe6 fxe6 16. Nd2 e5 17. Rc1 Qd6 18. Nxe4 1-0

[Event "Kvika Reykjavik Open 2022"]
[Site "Reykjavik ISL"]
[Date "2022.04.06"]
[Round "1.100"]
[White "Neilooday, Raj"]
[Black "Koes, Richard"]
[Result "0-1"]
[WhiteElo "1201"]
[BlackElo "1807"]
[WhiteFideId "33344671"]
[BlackFideId "1020528"]
[EventDate "2022.04.06"]

1. e4 e5 2. Nf3 Nc6 3. d4 exd4 4. Bc4 Nf6 5. O-O Bc5 6. e5 Ng4 7. Bg5 Be7 8.
Bxe7 Qxe7 9. h3 Ngxe5 10. Nxe5 Nxe5 11. Bxf7+ Qxf7 12. Re1 d6 13. Qxd4 O-O 14.
Nc3 Bxh3 15. gxh3 Nf3+ 16. Kh1 Nxd4 17. Rf1 Qh5 18. Kh2 Rf3 19. Rfe1 Rxf2+ 20.
Kg1 Raf8 21. Rf1 Qg5+ 22. Kh1 Qg2# 0-1